Bilecik Bilecik Bilecik Bilecik Bilecik

Farklı toplum kesimlerinin orman yangınları yönetimine yönelik bilgi, görüş ve deneyimlerinin belirlenmesi, Mersin ili örneği= Identifying different public's knowledge, attitudes and experiences toward forest fire management, a case study of Mersin province/ (Record no. 46286)

MARC details
000 -BAŞLIK
Sabit Uzunluktaki Kontrol Alanı 01342nam a22003377a 4500
001 - KONTROL NUMARASI
Control Dosyası 0046320
003 - KONTROL NUMARASI KİMLİĞİ
Kontrol Alanı KOHA_MİRAKIL
005 - EN SON İŞLEM TARİHİ ve ZAMANI
Kontrol Alanı 20260207003515.0
007 - FİZİKSEL TANIM SABİT ALAN - GENEL BİLGİ
Sabit uzunluklu kontrol alanı ta
008 - SABİT UZUNLUKTAKİ VERİ ÖGELERİ - GENEL BİLGİ
Sabit Alan 141001b2012 tu a|||gr||||#||||0|tur |
020 ## - ISBN - ULUSLARARASI STANDART KİTAP NUMARASI
Isbn 9786054610327
040 ## - KATALOGLAMA KAYNAĞI
Özgün Kataloglama Kurumu TR-BiSEU
Kataloglama Dili tur
Çeviri Kurumu TR-BiSEU
Açıklama Kuralları rda
041 0# - DİL KODU
Metin ya da ses kaydının dil kodu tur
044 ## - YAYINLAYAN/ÜRETEN KURULUŞUN ÜLKE KODU
ISO country code tu
050 ## - SINIFLAMA ve YER NUMARASI
Sınıflama Numarası SD421
Yer Numarası .Y54 2012
100 1# - KİŞİ ADI
Yazar Adı (Kişi adı) Yılmaz, Ersin.
245 0# - ESER ADI BİLDİRİMİ
Başlık Farklı toplum kesimlerinin orman yangınları yönetimine yönelik bilgi, görüş ve deneyimlerinin belirlenmesi, Mersin ili örneği= Identifying different public's knowledge, attitudes and experiences toward forest fire management, a case study of Mersin province/
Sorumluluk Bildirimi Ersin Yılmaz ; Ali Topal Hakan Keleş.
264 #1 - ÜRERİM, YAYIN, DAĞITIM ve TELİF BİLDİRİMİ
Yayın yeri Tarsus :
Yayınlayan Orman ve Su İşleri Bakanlığı Orman Genel Müdürlüğü Doğu Akdeniz Ormancılık Araştırma Enstitüsü
Yayın tarihi 2012
300 ## - FİZİKSEL TANIMLAMA
Sayfa, Cilt vb. XVI, 122 sayfa :
Diğer fiziki detaylar resimli ;
Boyutları 23 cm.
336 ## - İÇERİK TÜRÜ
Content type term metin
Content type code txt
Source rdacontent
337 ## - MEDYA TÜRÜ
Media type term aracısız
Media type code n
Source rdamedia
338 ## - TAŞIYICI TÜRÜ
Carrier type term cilt
Carrier type code nc
Source rdacarrier
490 0# - DİZİ BİLDİRİMİ
Dizi Bildirimi DOA Yayın no.: 68.
490 0# - DİZİ BİLDİRİMİ
Dizi Bildirimi Teknik bülten no.: 42.
500 ## - GENEL NOT
Genel Not Kaynakça var.
650 #0 - KONU BAŞLIĞI EK GİRİŞ - KONU TERİMİ
Konusal terim veya coğrafi ad Orman Yangınları
9 (RLIN) 85375
650 #0 - KONU BAŞLIĞI EK GİRİŞ - KONU TERİMİ
Konusal terim veya coğrafi ad Orman ve ormancılık - Türkiye
9 (RLIN) 85376
830 0# - SERİ EK GİRİŞİ - TEKBİÇİM ESER ADI
Tekbiçim Başlık DOA Yayın no.: 68.
9 (RLIN) 85377
830 0# - SERİ EK GİRİŞİ - TEKBİÇİM ESER ADI
Tekbiçim Başlık Teknik bülten no.: 42.
9 (RLIN) 85378
942 ## - EK GİRİŞ ÖGELERİ (KOHA)
Source of classification or shelving scheme Library of Congress Classification
Koha item type Book
Holdings
Materyal Türü Kalıcı Konum Mevcut Konum Raf Yeri Sınıflandırma Kaynağı Edinim Bilgisi Ana Konular Alt Konular Yer Numarası Demirbaş Numarası Fatura Tarihi Geri Çekilme Durumu Kayıp Durumu Hasarlı Durumu Kredi için değil Kayıt Tarih Toplam Ödünçverme Son Görülme Tarihi Son Kontrol Tarihi Genel / Bağış Notu
Book Prof. Dr. Azmi Özcan Kütüphanesi Prof. Dr. Azmi Özcan Kütüphanesi Birûni Salonu Library of Congress Classification Bağış TARIM Ormancılık SD421 .Y54 2012 0046320 02/02/2026         01/10/2014 1 05/12/2024 05/12/2024 Genel Bağış